000
00225 a2200085 4500
020
_a
9780300267396
100
_a
Paul Goldberger
245
_a
Why Architecture Matters (Why X Matters Series)
260
_b
Yale University Press
_c
2023
999
_c
13321
_d
13321